Čechy : umělecké památky /

Hlavní autor: Poche, Emanuel, 1903-1987
Další autoři: Ehm, Josef, 1909-1989
Jazyk: Čeština
Vydáno: Praha : Pressfoto, 1982
Vydání: 1. vyd.
Edice: Má vlast (Pressfoto). Řada C
Témata:
Externí odkaz: Digitalizovaný dokument
Fyzický popis: 97 s., 80 s. barev. obr. příl. : il.
Knihy
Uloženo v:
LEADER 01355nam a2200325 a 4500
001 000452084
003 CZ BrMZK
005 20171123093544.0
007 ta
008 990305s1982 xr af f cze d
015 |a cnb000007711  |z cnb000154690 
040 |a BOA001  |b cze 
080 |a 904(437.1)(084)  |2 MRF 
080 |a 719:72(437.1)(084)  |2 MRF 
100 1 |a Poche, Emanuel,  |d 1903-1987  |7 jk01100335  |4 aut 
245 1 0 |a Čechy :  |b umělecké památky /  |c Emanuel Poche, Josef Ehm 
250 |a 1. vyd. 
260 |a Praha :  |b Pressfoto,  |c 1982 
300 |a 97 s., 80 s. barev. obr. příl. :  |b il. 
490 1 |a Má vlast. Řada C ;  |v sv. 15 
700 1 |a Ehm, Josef,  |d 1909-1989  |7 jk01030327  |4 aut 
830 0 |a Má vlast (Pressfoto).  |p Řada C  |0 s 
856 4 1 |u http://www.digitalniknihovna.cz/mzk/uuid/uuid:c7c7a4a0-37cd-11e3-8d9d-005056827e51  |y Digitalizovaný dokument  |x NDK 
910 |a BOA001  |b 1-0858.321  |b PK-A-0018.105  |b TK-0213.625 
920 |a 000076517 
964 |a Umělecké památky - Čechy - obrazové publikace 
990 |a BK 
996 6 |b 2619749224  |c 1-0858.321  |l MZK  |r Sklad / do 1 hodiny  |n 4  |w 000452084  |u 000010  |a 1  |e BOA001  |j MZK50  |s P 
996 7 |b 2629976706  |c TK-0213.625  |l MZK  |r Sklad / do 24 hodin  |n 5  |w 000452084  |u 000030  |a 1  |e BOA001  |j MZK50  |s A 
996 7 |b 3119967373  |c PK-A-0018.105  |l MZK  |r Sklad / do 1 hodiny  |n 3  |w 000452084  |u 000020  |a 1  |e BOA001  |j MZK50  |s A